| 000 -ლიდერი |
| ფიქსირებული სიგრძის საკონტროლო ველი |
02102nam a2200289Ia 4500 |
| 001 - საკონტროლო ნომერი |
| საკონტროლო ველი |
23614 |
| 003 - საკონტროლო ნომრის იდენტიფიკატორი |
| საკონტროლო ველი |
GE_BSU |
| 005 - ბოლო ოპერაციის თარიღი და დრო |
| საკონტროლო ველი |
20230508171941.0 |
| 008 - ფიქსირებული სიგრძის მონაცემთა ელემენტები - ზოგადი ინფორმაცია |
| ფიქსირებული სიგრძის საკონტროლო ველი |
181216s1993ge xx |||||||||||||| ||geo|| |
| 020 ## - წიგნის საერთაშორისო სტანდარტული ნომერი |
| International Standard Book Number |
5511004847 |
| 040 ## - კატალოგიზაციის წყარო |
| Transcribing agency |
GE_BSU |
| 041 ## - ენის კოდი |
| Language code of text/sound track or separate title |
geo |
| 080 ## - უნივერსალური ათობითი კლასიფიკაციის ინდექსი |
| Universal Decimal Classification number |
94(479.222.1-25) უ-62 |
| 100 ## - მთავარი ჩანაწერი - პიროვნების სახელი |
| Personal name |
ურუშაძე, აკაკი |
| 9 (RLIN) |
18039 |
| 245 ## - ცნობა სათაურის შესახებ |
| Title |
ქუთაისი ბერძნულ და რომაულ წყაროებში. |
| Remainder of title |
1 გამოკვლევა. 2. ბერძნულ-ლათინური ტექსტების ქართული თარგმანები შენიშვნებით / |
| Statement of responsibility, etc |
აკაკი ურუშაძე, რედ : ლ. სანიკიძე, მხატვ. ო. გორალევიჩი |
| 264 ## - წარმოების, გამოცემის, დისტრიბუციის და სხვა ცნობები |
| გამოცემის, წარმოების, დისტრიბუციის... ადგილი |
თბილისი : |
| გამოცემის, წარმოების, დისტრიბუციის... სახელწოდება |
თბილ. უნ-ტის გამ-ბა, |
| გამოცემის, წარმოების, დისტრიბუციის... თარიღი |
1993. |
| 300 ## - ფიზიკური აღწერა |
| Extent |
128 გვ. ; |
| Other physical details |
20 სმ. |
| 500 ## - ზოგადი შენიშვნა |
| General note |
ნაშრომი ეძღვნება საქართველოს ძველთაძველი ქალაქის - ქუთაისის წარსულის ამსახველ წყაროთა შესწავლას |
| 501 ## - შენიშვნა თანმხლებ მასალაზე |
| With note |
საძიებ. გვ. 114-125 |
| 546 ## - LANGUAGE NOTE |
| Language note |
პარალ. თავფ. რუს. და ლათ. ენ. |
| 653 ## - INDEX TERM--UNCONTROLLED |
| Uncontrolled term |
ისტორია |
| 653 ## - INDEX TERM--UNCONTROLLED |
| Uncontrolled term |
ქუთაისი ბერძნულ და რომაულ წყაროებში. 1 გამოკვლევა. 2. ბერძნულ-ლათინური ტექსტების ქართული თარგმანები შენიშვნებით |
| 653 ## - INDEX TERM--UNCONTROLLED |
| Uncontrolled term |
ქუთაისის ისტორიის უცხოური წყაროები; ბერძნულ-ლათინური ტექსტები |
| 700 ## - ADDED ENTRY--PERSONAL NAME |
| Personal name |
სანიკიძე, ლევან |
| Relator term |
რედაქტორი |
| 9 (RLIN) |
18040 |
| 700 ## - ADDED ENTRY--PERSONAL NAME |
| Personal name |
გორალევიჩი, ო. |
| Relator term |
მხატვარი |
| 9 (RLIN) |
4629 |
| 942 ## - ADDED ENTRY ELEMENTS (KOHA) |
| Koha item type |
წიგნი |
| Source of classification or shelving scheme |
|